Crónicas marcianas / (Registro nro. 3098)
[ vista simple ]
| 000 -LEADER | |
|---|---|
| fixed length control field | 01482nam a2200205 a 4500 |
| 008 - CAMPO DE CONTROL (LIBRO) | |
| fixed length control field | 200313s2008 A ||||gr|||| 00| 0 spa d |
| 020 ## - INTERNATIONAL STANDARD BOOK NUMBER | |
| ISBN | 9789505471010 |
| 041 ## - CODIGO DE IDIOMA | |
| Código de idioma del texto/pista de sonido o título separado | spa |
| 092 ## - SIGNATURA TOPOGRAFICA DEWEY LOCAL | |
| número de clasificación | 808 |
| libristica | 8 |
| sección | BRA |
| 100 1# - ENTRADA PRINCIPAL--NOMBRE PERSONAL | |
| Nombre personal | Bradbury, Ray. |
| 9 (RLIN) | 3937 |
| 245 ## - TITULO PROPIAMENTE DICHO | |
| Título | Crónicas marcianas / |
| Mención de responsabilidad y remanente de la transcripción de la portada | Ray Bradbury. |
| 250 ## - MENCION DE EDICION | |
| Mención de edición | 4a ed. |
| Mención de responsabilidad relacionada con la ed. | Traducción Francisco Abelenda. |
| 260 ## - PIE DE IMPRENTA | |
| Lugar de publicación, distribución, etc | Buenos Aires: |
| Nombre de la editorial, distribuidor, etc | Minotauro; |
| Fecha de publicación | 2008. |
| 300 ## - DESCRIPCION FISICA | |
| Extension | 280 p. |
| Otros detalles físicos | 19x13 cm. |
| 500 ## - NOTA GENERAL | |
| Nota general | Bradbury, R. (2008). Crónicas marcianas. (4a ed.). Buenos Aires : Alfaguara. |
| 505 ## - NOTA DE CONTENIDO | |
| Nota de contenido formateada | Esta colecciòn de relatos reùne la crònica de la colonizaciòn de Marte por parte de una humanidad que abandona la Tierra en sucesivas oleadas de cohetes plateados y sueña con reproducir en el Planeta Rojo una civilizaciòn de perritos calientes, còmodos sofàs y limonada en el porche al atardecer. Pero los colonos tambièn traen equipajes las enfermedasdes que diezmaràn a los marcianos y mostraràn muy poco respeto por una cultura planetaria, misteriosa y fascinate , que èstos intentaràn proteger ante la rapacidad de los terrìcolas. Escritas en la dècada de 1940 y situadas en el lejano futuro que comienza en 1999, estas historias, aparentemente sencillas, sirven de excusa para que Bradbury se sumerja en los misterios del alma y desarrolle una de las hazañas màs apasionantes de la humanidad. |
| 590 ## - NOTAS LOCALES (RLIN) | |
| Nota local | Proyecto 4to libro. Donación Gómez Sifuentes Stefania. Marzo 2020. |
| 655 ## - MATERIA - GENERO/FORMA | |
| Género/Forma | Literatura |
| -- | 2917 |
| 942 ## - ADDED ENTRY ELEMENTS (KOHA) | |
| Source of classification or shelving scheme | Dewey Decimal Classification |
| Item type | LITERATURA |
| Estado de retiro | Existencia | Fuente de clasificación | Estado general | No para prestamo | Ubicación permanente | ubicación actual | Sala de ubicación | Fecha de adquisición | Fuente de adquisición | Total Checkouts | Número de clasificación | Código de barras | Date last seen | Número de ejemplar | Price effective from | Koha tipo de elemento (item) | Public note |
|---|---|---|---|---|---|---|---|---|---|---|---|---|---|---|---|---|---|
| Dewey Decimal Classification | Biblioteca Medicina | Biblioteca Medicina | Circulación | 13/03/2020 | Donación Gómez Sifuentes, Stefania. Marzo 2020. | 808 8 BRA | 4652 | 13/03/2020 | Ej. 1 | 13/03/2020 | LITERATURA | Proyecto 4to libro. Donación Gómez Sifuentes Stefania. Marzo 2020. |